Ethnonyms - Statistics

General Stats
  • This quiz has been taken 28 times
  • The average score is 9 of 15
Answer Stats
Place Prefix % Correct
Africa Afro
88%
Europe Euro
85%
France Franco
77%
England Anglo
69%
China Sino
69%
Australia Austro
65%
Bangladesh Bengali
65%
India Indo
65%
Russia Russo
62%
Belgium Belgo
54%
Czechia Czecho
50%
America Americo
42%
Mexico Mexican
31%
Poland Polish
27%
Japan Nippo
19%
No matching quizzes found
Score Distribution
Percent of People with Each Score
Percentile by Number Answered
Your Score History
You have not taken this quiz